MDQL
is popping MORE tags! Check the
thread
!
Quizzes
Events
Quiz Creation
Community
Videos
Private Events
Remove Ads
Sign In
Join for FREE
Feedback
Dark Mode
Quiz Categories
Sports
Geography
Music
Movies
Television
Just For Fun
Miscellaneous
History
Literature
Language
Science
Gaming
Entertainment
Religion
Holiday
For Kids
Quiz Lab
Recent
Popular Today
Quiz Kudos Today
Editor Picks
Curator Picks
Quizzes by...
Day
Popularity
Type
Ratings
Length
Year
Community
Subscriptions
Recent Discussions
Orange Saloon
Badges
Playlists
Quests
Create
Leaderboards
Showdown
Live 5
Trivia Bingo
Activity
Puzzle Library
Sporcle Events
Private Events
Virtual Trivia
Globe League
Become a Host
Pub Owners
SporcleCon
Opinionation
Our Games
Videos
Blog
Mobile Apps
Partnerships
Remove Ads and Go Orange
Feedback
Geography
Country
Landmarks
City
State
Population
World
Capital
Continent
Flags
Europe
Africa
Asia
South America
North America
Oceania
Border
Canada
United Kingdom
Topography
United States
Geography
Country
Landmarks
City
State
Population
World
Capital
Continent
Flags
Europe
Africa
Asia
South America
North America
Oceania
Border
Canada
United Kingdom
Topography
United States
Random Quiz
Search Sporcle
×
Quiz Lab
Quiz Lab
Geography
British Columbia
Type in answers that appear in a list
Type in answers that appear in a list
Classic
Best Score? Go Orange.
Washington State Ferry Terminals Stats
Can you name the terminals served by the Washington State Ferries system?
By
highbad
4m
21 Questions
90 Plays
90 Plays
90 Plays
Comments
Comments
Give Quiz Kudos
Give Quiz Kudos
-
- Ratings
hide this ad
More Info
Replay
Link that replays current quiz
Next Quiz
Link to next quiz in quiz playlist
You Got
0%
They Got
Avg Score
74%
Avg Friend Score
Upgrade to see
Score Distribution
Jump to the score distribution portion of the page
Score
0/21
Timer
04:00
0
Plays Today
Body of Water
Terminal
% Correct
Elliott Bay, Rich Passage
Seattle
97.8%
Elliott Bay, Eagle Harbor
Seattle
97.8%
Elliott Bay, Rich Passage
Bremerton
94.4%
Rosario Strait, Haro Strait
Friday Harbor
90%
Appletree Cove
Edmonds
88.9%
Elliott Bay, Eagle Harbor
Bainbridge Island
87.8%
Admiralty Inlet
Port Townsend
82.2%
Rosario Strait, Haro Strait
Anacortes
80%
Possession Sound
Mukilteo
80%
Rosario Strait, Haro Strait
Orcas Island
77.8%
East Passage, Colvos Passage
Vashon Island
76.7%
Body of Water
Terminal
% Correct
Rosario Strait, Haro Strait
Lopez Island
74.4%
Appletree Cove
Kingston
73.3%
Dalco Passage
Point Defiance
73.3%
East Passage, Colvos Passage
Fauntleroy
67.8%
Possession Sound
Clinton
65.6%
Admiralty Inlet
Coupeville
54.4%
Rosario Strait, Haro Strait
Shaw Island
54.4%
Rosario Strait, Haro Strait
Sidney B.C.
53.3%
East Passage, Colvos Passage
Southworth
53.3%
Dalco Passage
Tahlequah
32.2%
Quiz Playlist
Details
Report
Send in Message
Add To Playlist
More Info:
Can you name the terminals served by the Washington State Ferries system, given some of the bodies of water crossed by each route?
Classic:
Type in answers that appear in a list
Quiz Source
Last Updated: Mar 4, 2017
Quiz Scoreboard
CHALLENGE
Sign Up to Join the Scoreboard
Show All
Scores
Hide
Comments
May contain spoilers
Recently Published
1-10 Letter E Words III
by El_Dandy
Language
2m
Street Fighter Characters
by Artimus82
Gaming
60s
College Basketball Coaching Resumes
by pancakes188
Sports
9m
More to Explore
Quiz From the Vault
Featured Blog Post
Where Did the Easter Bunny Come From?
hide this ad
You Might Also Like...
Tags
British Columbia
Ferry
Northwest
Passenger
port
ports
Seattle
seattle-tacoma
Terminal
transport
transportation
Washington (State)
Today's Top Quizzes in Geography
Browse Geography
hide this ad
Top Contributed Quizzes in Geography
1
Countries of the World - No Outlines Minefield
2
Top 25 Cities of France on a map
3
Any capital of a 'B' country per Continent
4
Any capital of a 'C' country per Continent
5
Closest Countries to UK A-Z
6
Any capital of a 'D' country per Continent
7
5-to-1: US Geography No Hints
8
Any capital of an 'E' country per Continent
9
Find the US States - No Outlines
10
Any capital of an 'F' country per Continent
Explore More
Trending Topics
Anime
Crossword
NBA
Disney
Kpop
Marvel
Harry Potter
Puzzle
Song
WWE
The Office
NFL
Soccer
Country
Pokémon
hide this ad
More By:
highbad
Quiz
Plays
Rating
Category
Featured
Created
7 to 1: Who's Who in Judaism
879
4.63
Religion
Nov 4, 2018
Rivals in Judaism
115
5.00
Religion
Dec 3, 2018
Lady Gaga Movies
106
5.00
Movies
Mar 13, 2019
Washington State Ferry Terminals
90
5.00
Geography
Mar 1, 2017
Selective Service Classifications
23
5.00
History
Mar 6, 2017
Go to Creator's Profile
Score Distribution
Quiz Creator Spotlight
highbad
Follow
Send a Message
Quizzes Created
-
Created Quiz Play Count
-
More By This Creator
Popular Quizzes Today
1
Find the US States - No Outlines Minefield
2
Find the Countries of Europe - No Outlines Minefield
3
The Countries of the World
4
Find the US States
5
Risky Map Clicking: Biggest States A-Z
6
US States
7
Popular People in 1961
8
Movies - When Are They Set?
More Geography Quizzes
Hidden Neighbors of the Red River
Quiz Lab
Trending Quizzes
Risky Map Clicking: Least Populous States A-Z
USA Borders Longest to Shortest
1-10 Letter G Words
1-10 Letter F Words
Countries of the World: 200 Million BC
Recently Updated
Beyoncé Albums
pecheneg
Leaping Animals
pecheneg
Reality TV Shows (A-Z)
bhenderson79
Rickey Henderson's Hall of Fame Teammates
pecheneg
Champions League XIs: Arsenal
pecheneg
Quick Pick: Celebrities in WWE's Hall of Fame
aduchscher
A-Z Keypad Blitz II
pecheneg
Multiple Oscar Actors
pecheneg
Mystery Phrase Blitz: Oscar 'Best Actors'
pecheneg
F. Scott Fitzgerald Novels
LTH
Trending Topics
Harry Potter
Kpop
Disney
Marvel
Anime
NBA
Crossword
The Office
WWE
Soccer
Puzzle
Song
NFL
Country
Pokémon
Your Account Isn't Verified!
In order to create a playlist on Sporcle, you need to verify the email address you used during registration. Go to your
Sporcle Settings
to finish the process.
Report this User
Report this user for behavior that violates our
Community Guidelines
.
Details:
Send Report
Go to the Sporcle.com Mobile Site →
Comments